000 00630nam a2200277Ia 4500
005 20260324150955.0
008 008 260324s9999 xx 000 0 eng d
020 _a9780429462252
037 _aEBOOK
040 _aCRL
040 _beng
040 _cCRL
041 _2eng
041 _aeng
084 _qCRL
100 _aJean Capart; Warren R. Dawson
_91228277
245 0 _aEgyptian Art
260 _bTaylor and Francis
260 _c1923
365 _a
365 _b160
856 _uhttp://www.taylorfrancis.com/books/9780429462252
942 _cEBOOK
999 _c1838629
_d1838629